LIBRARY & INFORMATION CENTRE, KCAET, TAVANUR

ONLINE PUBLIC ACCESS CATALOGUE (OPAC)

Vilakkappetta vimanayathra / (Record no. 6534)

MARC details
000 -LEADER
fixed length control field 00459cam a2200181ua 4500
041 ## - LANGUAGE CODE
Language code of text/sound track or separate title mal
082 ## - DEWEY DECIMAL CLASSIFICATION NUMBER
Classification number 894. 812 803 55
Item number SAT/VI
100 ## - MAIN ENTRY--AUTHOR NAME
Personal name Satyanarayana, Sinha .
245 ## - TITLE STATEMENT
Title Vilakkappetta vimanayathra /
250 ## - EDITION STATEMENT
Edition statement 1 /
260 ## - PUBLICATION, DISTRIBUTION, ETC. (IMPRINT)
Place of publication Chennai :
Name of publisher Sarika publications ,
Year of publication 1959.
300 ## - PHYSICAL DESCRIPTION
Number of Pages 145 ; .
942 ## - ADDED ENTRY ELEMENTS (KOHA)
Koha item type Books
Holdings
Withdrawn status Lost status Damaged status Home library Current library Date acquired Full call number Accession Number Koha item type
Withdrawn     KAUAET Sanskrit University 07/04/2012 894. 812 803 55 482 Books
free website counter